Sports - Statistiques

Statistiques générales
  • Ce quiz a été pris 545 fois
  • Le résultat moyen est 8 sur 20
Statistiques - réponses
Numéros Sports % Correct
7 Football
98%
8 Basketball
87%
9 Tennis
78%
10 Handball
76%
19 Rugby
69%
4 Natation
68%
15 Athlétisme
61%
20 Equitation
54%
1 Gymnastique
48%
11 Danse
36%
17 Vélo
30%
2 Course
27%
3 Escalade
23%
5 Surf
17%
12 Musculation
11%
18 Haltérophilie
8%
13 Crossfit
3%
16 Course d'orientation
1%
6 Wakeboard
1%
14 Parkour
0%
Aucun quiz correspondant
Distribution des résultats
% des personnes avec chaque résultat
Percentile par nombre de réponses
Votre historique - résultats
Vous n’avez pas pris ce quiz